000 00483nam a22001817a 4500
003 CEME
005 20210628203907.0
008 210126b xxu||||| |||| 00| 0 eng d
020 _a81-7319-490-4
040 _c.
082 _a519.4 COM
100 _aMisra, J.C
_962004
245 _aComputational mathematics, modelling and algorithms
260 _aNEW DELHI
_bNAROSA PUBLISHING
_c2003
300 _aVIII,516P
650 _aCOMPUTATIONAL MATHEMATICS.
_961520
942 _cBK
_2ddc
999 _c575458
_d575458